000 00557nam a2200229Ia 4500
003 OSt
005 20220918194244.0
006 a|||||r|||| 00| 0
007 ta
008 220917b |||||||| |||| 00| 0 eng d
024 _a78,492
037 _cTextual
040 _aARTS
_cARTS
_beng
041 _2eng
_aeng
082 _aS0T, J62
100 _aRusk Robert R
_984113
245 0 _aPhilosophical bases of education
260 _c1956
650 _aPSYCHOLOGY
942 _hS0T, J62
_cTEXL
_2CC
999 _c202290
_d202290